Islam ka Khandani Nizam (Record no. 16416)

000 -LEADER
fixed length control field 00353nam a22001577a 4500
003 - CONTROL NUMBER IDENTIFIER
control field OSt
020 ## - INTERNATIONAL STANDARD BOOK NUMBER
International Standard Book Number 9789698535155
040 ## - CATALOGING SOURCE
Original cataloging agency 0
082 ## - DEWEY DECIMAL CLASSIFICATION NUMBER
Classification number 297.577
Author Mark ASA ND
100 ## - MAIN ENTRY--PERSONAL NAME
Personal name Asaal, Ahmed
245 ## - TITLE STATEMENT
Title Islam ka Khandani Nizam
Statement of responsibility, etc. Ahmed Asaal
260 ## - PUBLICATION, DISTRIBUTION, ETC.
Place of publication, distribution, etc. Islamabad
Name of publisher, distributor, etc. NUST
Date of publication, distribution, etc. ND
300 ## - PHYSICAL DESCRIPTION
Extent 452p.
Other physical details : ill.
Dimensions 22cm
650 ## - SUBJECT ADDED ENTRY--TOPICAL TERM
Topical term or geographic name entry element Islam
942 ## - ADDED ENTRY ELEMENTS (KOHA)
Source of classification or shelving scheme
Koha item type Book
Holdings
Withdrawn status Lost status Source of classification or shelving scheme Damaged status Not for loan Permanent Location Current Location Shelving location Date acquired Full call number Barcode Date last seen Price effective from Koha item type Collection code Total Checkouts Checked out Date last checked out
          Central Library (CL) Central Library (CL) General Stacks 05/19/2016 297.577 AHM CIPS0002817 05/19/2016 05/19/2016 Book        
          Centre for International Peace & Stability (CIPS) Centre for International Peace & Stability (CIPS) General Stacks 05/19/2016 297.577 ASA ND CIPS0002816 02/03/2026 05/19/2016 Book   1 03/05/2026 02/03/2026
© 2023 Central Library, National University of Sciences and Technology. All Rights Reserved.